[Event "SVK-ch U12 Girls"]
[Site "Liptovsky Mikulas"]
[Date "2017.04.27"]
[Round "8"]
[White "Kusa, Stela"]
[Black "Stolarova, Paulina"]
[Result "1-0"]
[WhiteElo "1069"]
[BlackElo "1000"]
[PlyCount "67"]
[EventDate "2017.04.22"]
[EventType "swiss"]
[EventRounds "9"]
[EventCountry "SVK"]
[SourceTitle "CBM 178 Extra"]
[Source "ChessBase"]
[SourceDate "2017.06.22"]
[SourceVersion "1"]
[SourceVersionDate "2017.06.22"]
[SourceQuality "1"]

1. e4 d5 2. exd5 Qxd5 3. Nc3 Qa5 4. d4 c6 5. Nf3 Nf6 6. Bc4 e6 7. 0-0 Be7 8. Bf4 Nbd7 9. Qd3 0-0 10. Ne5 Rd8 11. Rad1 Bd6 12. Rfe1 a6 13. a3 Qc7 14. Qg3 Nh5 15. Qg4 Ndf6 16. Qf3 Bd7 17. Bg5 Be7 18. Bxf6 Nxf6 19. Qf4 Rf8 20. Re3 Nh5 21. Qe4 Nf6 22. Qd3 Be8 23. Rh3 h6 24. Qg3 h5 25. Qf4 g6 26. Qh6 Nh7 27. Ne4 f6 28. Nxg6 Bxg6 29. Qxg6+ Kh8 30. Rxh5 Bd8 31. Bxe6 Rf7 32. Bxf7 Qxf7 33. Qxf7 Bb6 34. Qxh7# 1-0

[Event "SVK-ch U12 Girls"]
[Site "Liptovsky Mikulas"]
[Date "2017.04.26"]
[Round "7"]
[White "Stolarova, Paulina"]
[Black "Dubanova, Kristina"]
[Result "0-1"]
[WhiteElo "1000"]
[BlackElo "1000"]
[PlyCount "80"]
[EventDate "2017.04.22"]
[EventType "swiss"]
[EventRounds "9"]
[EventCountry "SVK"]
[SourceTitle "CBM 178 Extra"]
[Source "ChessBase"]
[SourceDate "2017.06.22"]
[SourceVersion "1"]
[SourceVersionDate "2017.06.22"]
[SourceQuality "1"]

1. e4 e5 2. Nf3 Nc6 3. Bc4 Bc5 4. 0-0 Nf6 5. h3 Nxe4 6. d3 Nf6 7. Bd2 d5 8. Bb5 a6 9. Ba4 b5 10. Bb3 Bf5 11. Nc3 0-0 12. a4 b4 13. Nb1 Re8 14. Qc1 a5 15. Nh4 Bg6 16. c4 Nd4 17. Bc2 Ne2+ 18. Kh1 Nxc1 19. Bxc1 e4 20. Nd2 Rb8 21. Re1 c6 22. Nxg6 fxg6 23. dxe4 dxe4 24. Bxe4 Nxe4 25. Nxe4 Bxf2 26. Re2 Bd4 27. Bg5 Qd7 28. Rb1 Re5 29. b3 Rbe8 30. Bf4 R8e6 31. Rf1 Qe7 32. Bg5 Qd7 33. Rf4 Rxg5 34. Ref2 Bxf2 35. Nxf2 Re1+ 36. Kh2 Qd6 37. g3 Rf5 38. Ne4 Qd3 39. Nf2 Qf1 40. g4 Qg1# 0-1

[Event "SVK-ch U10 Girls"]
[Site "Liptovsky Mikulas"]
[Date "2016.04.22"]
[Round "8"]
[White "Stolarova, Paulina"]
[Black "Kovarikova, Maria"]
[Result "0-1"]
[WhiteElo "1000"]
[BlackElo "1000"]
[PlyCount "97"]
[EventDate "2016.04.16"]
[EventType "swiss"]
[EventRounds "9"]
[EventCountry "SVK"]
[SourceTitle "CBM 172 Extra"]
[Source "ChessBase"]
[SourceDate "2016.06.21"]
[SourceVersion "1"]
[SourceVersionDate "2016.06.21"]
[SourceQuality "1"]

1. e4 e6 2. Nf3 d5 3. e5 f6 4. Bb5+ c6 5. Be2 Nd7 6. d4 Qa5+ 7. Bd2 Qc7 8. a3 fxe5 9. Bc3 Bd6 10. Qd2 c5 11. Ba5 b6 12. Bc3 exd4 13. Bxd4 cxd4 14. Nxd4 Bb7 15. Bh5+ g6 16. Be2 e5 17. Ne6 Qc6 18. Ng7+ Kf7 19. a4 Kxg7 20. Bb5 Qc7 21. Kd1 a6 22. Qc3 Qxc3 23. Nxc3 Nc5 24. b4 axb5 25. Nxb5 Be7 26. bxc5 Bxc5 27. Nc7 Rc8 28. Ne6+ Kf6 29. Nxc5 Rxc5 30. Ra2 Ba6 31. Rb2 Rc6 32. a5 bxa5 33. Rb8 Kg7 34. Re1 e4 35. Rd8 Nf6 36. Rxh8 Kxh8 37. f3 a4 38. Kc1 Bc4 39. Kb1 a3 40. fxe4 Nxe4 41. Rf1 a2+ 42. Ka1 Rb6 43. Rf8+ Kg7 44. Rf1 Bxf1 45. Kxa2 Kf6 46. g3 Ke5 47. Ka3 Kd4 48. Ka4 Kc3 49. Ka5 0-1

[Event "SVK-ch U10 Girls"]
[Site "Liptovsky Mikulas"]
[Date "2016.04.18"]
[Round "3"]
[White "Stolarova, Paulina"]
[Black "Kusa, Stela"]
[Result "0-1"]
[WhiteElo "1000"]
[BlackElo "1166"]
[PlyCount "32"]
[EventDate "2016.04.16"]
[EventType "swiss"]
[EventRounds "9"]
[EventCountry "SVK"]
[SourceTitle "CBM 172 Extra"]
[Source "ChessBase"]
[SourceDate "2016.06.21"]
[SourceVersion "1"]
[SourceVersionDate "2016.06.21"]
[SourceQuality "1"]

1. e4 e5 2. Nf3 Nc6 3. Nc3 Nf6 4. Bc4 Bc5 5. 0-0 d6 6. d3 Bg4 7. h3 Bh5 8. Bg5 Nd4 9. Bb5+ c6 10. g4 h6 11. gxh5 hxg5 12. h4 cxb5 13. hxg5 Nxh5 14. Nd5 Qd7 15. c3 Qg4+ 16. Kh2 Nf4+ 0-1

[Event "SVK-ch U10 Girls"]
[Site "Liptovsky Mikulas"]
[Date "2016.04.16"]
[Round "1"]
[White "Zetocha, Adela"]
[Black "Stolarova, Paulina"]
[Result "1-0"]
[WhiteElo "1183"]
[BlackElo "1000"]
[PlyCount "41"]
[EventDate "2016.04.16"]
[EventType "swiss"]
[EventRounds "9"]
[EventCountry "SVK"]
[SourceTitle "CBM 172 Extra"]
[Source "ChessBase"]
[SourceDate "2016.06.21"]
[SourceVersion "1"]
[SourceVersionDate "2016.06.21"]
[SourceQuality "1"]

1. e4 e5 2. Nf3 Nc6 3. Bc4 h6 4. 0-0 Nf6 5. d3 d6 6. d4 Nxe4 7. dxe5 Qe7 8. exd6 cxd6 9. Re1 Bg4 10. Nc3 Bf5 11. Nd5 Qe6 12. Nc7+ Kd7 13. Bxe6+ Bxe6 14. Rxe4 d5 15. Nxd5 Bxd5 16. Qxd5+ Bd6 17. Qxf7+ Ne7 18. Bf4 Rhf8 19. Qe6+ Ke8 20. Bxd6 Rf6 21. Qxe7# 1-0